Normal view
MARC view
- ادارة مشاريع تخرج الطلاب - نظام حمسبة
Entry Topical Term
001 - CONTROL NUMBER
- control field: 58280
003 - CONTROL NUMBER IDENTIFIER
- control field: JO-AjAnu
005 - DATE AND TIME OF LATEST TRANSACTION
- control field: 20230606083534.0
008 - FIXED-LENGTH DATA ELEMENTS
- fixed length control field: 230606|| aca||aabn | a|a d
040 ## - CATALOGING SOURCE
- Original cataloging agency: JO-AjAnu
- Transcribing agency: JO-AjAnu
150 ## - HEADING--TOPICAL TERM
- Topical term or geographic name entry element: ادارة مشاريع تخرج الطلاب - نظام حمسبة
670 ## - SOURCE DATA FOUND
- Source citation: Work cat.: (JO-AjAnu)29731: اعداد حنين نبيل محمد المومني؛ اشراف باجس الجنيدي, author 58279, حوسبة نظام ادارة مشاريع تخرج الطلاب في جامعة عجلون الوظنية = The computerization project management system students graduated in Ajloun National University